000 00548nam a2200193Ia 4500
003 GCL
008 140319s9999 xx 000 0 ara d
040 _aGCL /
_cGCL
082 0 4 _a813.03
_bج ع
100 1 _aجبرا ابراهيم جبرا
245 1 0 _aعرق وبدايات من حرف الياء /
_cجبرا ابراهيم جبرا
300 _a221 ص
490 _aكتاب
_v0
650 0 4 _aالادب العربى
650 0 4 _aالقصص
650 0 4 _aالادب العالمى
650 0 4 _aالمجموعات
942 _2ddc
_cBK
999 _c42169
_d42169